Регионална библиотека "Любен Каравелов" - Русе

Есенни пейзажи (Запис номер 114572)

MARC детайли
000 -Лидер
Контролно поле с фиксирана дължина 01144nam a2200301 c 4500
003 - Код на организацията, давaща контролен номер
Контролно поле BLK
005 - Дата и час на последна редакция
Контролно поле 20180422110236.0
008 - Елементи от данни с фиксирана дължина
fixed length control field 180409b bul|||||r ||||||| ||bul||
010 ## - Наследен системен номер
LC control number KNG00120003000
040 ## - Източник на каталожния запис
Идентификатор на билиотеката - собственик на записа BLK
041 ## - Код за език
Код за езика на текст/звукозапис или на отделно заглавие Български
Код за езика КДБФ Български
080 ## - УДК
Текстов определител УДК Руска литература
УДК код - определител по УДК 821.161.1
УДК определител -1
УДК - код + определител 821.161.1-1
100 1# - Редна дума - Автор
Автор Заболоцки, Николай
Авторска отговорност първи автор
R(LIN) 68722
139 ## - Редно поле
Редна дума Заболоцки, Николай
Авторски знак Забо - З 13
245 10 - Сведения за заглавието
Заглавие Есенни пейзажи
Подзаглавни данни Стихотворения
Редно поле (дума) Николай Заболоцки; прев. от рус. Зоя Василева.
257 ## - Страна на издаване
Страна на създаване/издаване България
260 ## - Област на издателските данни
-- София
Име на издателя, разпространителя и проч. Христо Ботев
Година на издаване 1994
300 ## - Физическа характеристика
Страници 96 с.
Размери/Мащаб 17 см
380 ## - Жанр
Жанр Худож. лит.
490 1# - СЕРИИ (Колекции)
Име на серия Руска муза
500 ## - Общи забележки
Забележка Съдържа и Из кн. Из записок разных лет / С. Ермолински. - Офс. изд.
700 1# - Други автори (авторска отговорност)
Лично име Василева, Зоя
Автороска отговорност (Описва отношението между автора и произведението) прев. от рус.
9 (RLIN) 370213
852 ## - Местоположение
Форматна сигнатура Цб І 27212
856 4# - Електронен адрес и достъп
Електронен формат pdf - файл
Път до файла /url/
856 4# - Електронен адрес и достъп
Електронен формат pdf - файл
Път до файла /url/
942 ## - АРТИКУЛИ
Вид на библиотечния материал Книги
Скрит в OPAC Не
944 ## - СЪЗДАВАНЕ И РЕДАКЦИЯ на ЗАПИСА
Създаване/Редакция Създаване
Дата на регистрацията/редакция 20.10.2016
Служител, извършил регистрацията/редакцията Грета_Цуфелде
944 ## - СЪЗДАВАНЕ И РЕДАКЦИЯ на ЗАПИСА
Създаване/Редакция Редакция
Дата на регистрацията/редакция 20.10.2016
Служител, извършил регистрацията/редакцията Грета_Цуфелде
999 ## - СИСТЕМНИ КОНТРОЛНИ НОМЕРА
Koha biblionumber 114572
Koha biblioitemnumber 114572
Наличности
Код за отписване Код за изгубен артикул Източник на класификационната схема Код за повреда Коз за рестрикции Код за отдаване Артикулен № Име на библиотеката - собственик Име на библиотеката, в която се намира в момента Статус (Текущо местоположение) Дата на вписване в системата Местоположение - отдел Цена в лева Инвентарен номер Систематично азбучна сигнатура Баркод Номер на екземпляра Цена в евро Служебна бележка Служебен тип на артикула Бележка за публиката
  Не е изгубен Universal Decimal Classification Не е повреден без рестрикции ползва се в читалня 183790 Регионална библиотека "Любен Каравелов" Русе Регионална библиотека "Любен Каравелов" Русе Хранилище 1994-01-01 Хранилище 0.40 601700 Цб І 27212 120000601700 1 0.20 N: стар фонд Дата: 01.01.1994 Книги  
Изтеглен Не е изгубен Universal Decimal Classification Не е повреден без рестрикции заемане за дома 183791 Регионална библиотека "Любен Каравелов" Русе Регионална библиотека "Любен Каравелов" Русе Заемна - подръчен фонд 1994-01-01 Заемна - подръчен фонд 0.40 605965 П 882-1/З 13 605965 2 0.20 N: стар фонд Дата: 01.01.1994 Дата инв: 09.02.2018 Бележки инв: П2018 Книги  
Изтеглен Не е изгубен   Не е повреден без рестрикции заемане за дома 183792 Регионална библиотека "Любен Каравелов" Русе Регионална библиотека "Любен Каравелов" Русе   1994-01-01 Заемна - подръчен фонд 0.40 605966 П 882-1/З 13 605966 3 0.20 N: стар фонд Дата: 01.01.1994 Книги Отч.N: 3 , Дата: 17.01.2018
Vip Innovations Ltd, Rousse, Bulgaria 2025